000 00935nam a22001937a 4500
999 _c64132
_d64132
003 Ge_BSU
005 20260414174631.0
008 260414s1995 ge ||||| |||| 00| 0 geo d
041 _ageo
080 _a330.1(075.3) :338.22(075.8) ძ-71
100 _aძნელაძე, დავით
_9898
245 _aეკონომიკა, მეწარმეობა და ბიზნესი :
_b[სახელმძღვ. უმაღლ. სასწ. სტუდენტთათვის] /
_c დავით ძნელაძე; რედ. თენგიზ დემეტრაშვილი.
264 _aთბ.,
_c1995.
300 _a320 გვ. ;
_b22 სმ.
653 _aურბანული ეკონომიკა
653 _aბიზნესი
700 _aდემეტრაშვილი, თენგიზ
_eრედაქტორი
_9899
942 _2udc
_cᲬᲘᲒᲜᲘ